000 01330nam a2200493Ia 4500
005 20250425162729.0
008 250425s9999 xx 000 0 und d
020 _a9788126529902
041 _aeng
082 _a624.183412
100 _aNILSON, ARTHUR H.
245 0 _aDESIGN OF PRESTRESEED CONCRETE
250 _aSECOND EDITION
260 _aEstados Unidos
_bWILEY-INDIA
_c2011
260 _aNEW YORK
300 _a592
650 _aCIZALLA Y TORSION
650 _aCIZALLA Y TORSION
650 _aCIZALLA Y TORSION
650 _aCIZALLA Y TORSION
650 _aCIZALLA Y TORSION
650 _aCONCRETO
650 _aCONCRETO
650 _aCONCRETO
650 _aCONCRETO
650 _aCONCRETO
650 _aCONCRETO EN TENSION UNIAXIAL
650 _aCONCRETO EN TENSION UNIAXIAL
650 _aCONCRETO EN TENSION UNIAXIAL
650 _aCONCRETO EN TENSION UNIAXIAL
650 _aCONCRETO EN TENSION UNIAXIAL
650 _aDISEÑO FLEXURAL
650 _aDISEÑO FLEXURAL
650 _aDISEÑO FLEXURAL
650 _aDISEÑO FLEXURAL
650 _aDISEÑO FLEXURAL
650 _aHORMIGON PRETENSADO
650 _aHORMIGON PRETENSADO
650 _aHORMIGON PRETENSADO
650 _aHORMIGON PRETENSADO
650 _aHORMIGON PRETENSADO
942 _c01
010 _a103606
999 _c235267
_d235267